La traducción y publicación portuguesa de 1810 de la Representación de los Hacendados de Moreno / (Record no. 91343)

MARC details
000 -LEADER
campo de control de longitud fija 00501nam a2200157 i 4500
001 - NÚMERO DE CONTROL
campo de control 91343
003 - IDENTIFICADOR DE NÚMERO DE CONTROL
campo de control ES-MaACL
005 - FECHA Y HORA DE LA ÚLTIMA TRANSACCIÓN
campo de control 20251004063132.0
007 - CAMPO FIJO DE DESCRIPCIÓN FÍSICA--INFORMACIÓN GENERAL
campo de control de longitud fija t|
008 - DATOS DE LONGITUD FIJA--INFORMACIÓN GENERAL
campo de control de longitud fija 050128s1918 ag ||||1| spa d
100 1# - ENTRADA PRINCIPAL--NOMBRE DE PERSONA
Nombre de persona Levene, Ricardo,
Fechas asociadas al nombre 1885-1959
9 (RLIN) 71926
245 13 - MENCIÓN DEL TÍTULO
Título La traducción y publicación portuguesa de 1810 de la Representación de los Hacendados de Moreno /
Mención de responsabilidad, etc. Ricardo Levene.
260 ## - PUBLICACIÓN, DISTRIBUCIÓN, ETC.
Lugar de publicación, distribución, etc. Buenos Aires :
Nombre del editor, distribuidor, etc. [s.n.],
Fecha de publicación, distribución, etc. 1918.
852 ## - LOCALIZACIÓN
Ubicación ES-MaACL
Número de control de estantería 1609-F-6
Holdings
Estatus retirado Estado de pérdida Estado de daño No para préstamo Colección Biblioteca de origen Biblioteca actual Ubicación en estantería Fecha de adquisición Fuente de adquisición Total de préstamos Signatura topográfica completa Código de barras Visto por última vez Precio de reemplazo Tipo de ítem Koha
        Colección de folletos Biblioteca del Ateneo de Madrid Biblioteca del Ateneo de Madrid Depósito folletos 17/01/2008     1609-F-6 1095365 23/02/2023 23/02/2023 Folleto